000 003110000a22001450004500
003 MACL
040 _aMACL
090 _c33072
_d33070
100 _aGupta, Sanjeev
245 _aObjective Physics
260 _bJaiprakash Nath Publication
_c2003
350 _a375
650 _aPhysics
942 _cBOOK
_k530/Gup
999 _c32735
_d32735